000 00301nam a2200121Ia 4500
008 190216s9999||||xx |||||||||||||| ||und||
100 _aUmesh Kumar Upal
245 0 _aHindi-Gazal Vidha Aur Dr. Karyee Kee Gazalein
260 _bSlok Prakashan
_c2009
300 _a160
650 _aHindi
942 _cBK
999 _c16855
_d16855